[Event "SR 4. liga A21 2011/2012"]
[Site "?"]
[Date "2012.02.12"]
[Round "9.1"]
[White "Kupkovic, Miroslav"]
[Black "Smrek, Peter"]
[Result "1/2-1/2"]
[WhiteElo "1892"]
[BlackElo "1836"]
[PlyCount "54"]
[EventDate "2011.??.??"]

1. d4 g6 2. g3 Bg7 3. Bg2 Nf6 4. Nf3 d6 5. c4 c6 6. Nc3 Nbd7 7. O-O O-O 8. Qc2
Qc7 9. Rb1 Rd8 10. e4 e5 11. d5 Nc5 12. Ne1 a5 13. Nd3 Nxd3 14. Qxd3 cxd5 15.
cxd5 Bd7 16. h3 Rab8 17. Be3 b5 18. Rfc1 Qb7 19. b4 a4 20. a3 Rdc8 21. Ne2 Ne8
22. Rxc8 Rxc8 23. Rc1 f5 24. f3 Rxc1+ 25. Bxc1 fxe4 26. fxe4 Qc8 27. Kh2 h6
1/2-1/2

[Event "SR 4. liga A21 2011/2012"]
[Site "?"]
[Date "2012.02.12"]
[Round "9.1"]
[White "Lajda, Dusan"]
[Black "Slaby, Jozef"]
[Result "0-1"]
[WhiteElo "1841"]
[BlackElo "1846"]
[PlyCount "64"]
[EventDate "2011.??.??"]

1. e4 e6 2. d4 d5 3. Nc3 Nf6 4. e5 Nfd7 5. Nf3 c5 6. Be3 a6 7. Be2 Nc6 8. O-O
cxd4 9. Bxd4 Nxd4 10. Nxd4 Nxe5 11. Re1 Bb4 12. Qd2 Ng6 13. Bd3 O-O 14. a3 Ba5
15. b4 Bb6 16. Nf3 Qf6 17. Na4 Ba7 18. Nc3 Bd7 19. a4 Rac8 20. Ne2 Bb8 21. c4
Rfd8 22. cxd5 exd5 23. Bxg6 hxg6 24. Qxd5 Bc6 25. Qb3 Rd6 26. Rac1 Rcd8 27.
Nfd4 Bd5 28. Qb1 Ba7 29. Rcd1 Bc4 30. Nb3 Rxd1 31. Rxd1 Rxd1+ 32. Qxd1 Bxb3 0-1

[Event "SR 4. liga A21 2011/2012"]
[Site "?"]
[Date "2012.02.12"]
[Round "9.1"]
[White "Pripko, Bystrik"]
[Black "Krchnak, Rudolf"]
[Result "1/2-1/2"]
[WhiteElo "1655"]
[BlackElo "1878"]
[PlyCount "103"]
[EventDate "2011.??.??"]

1. e4 d6 2. Nf3 Bg4 3. h3 Bh5 4. Be2 Nd7 5. d4 e5 6. dxe5 Bxf3 7. Bxf3 dxe5 8.
O-O Ngf6 9. Nc3 c6 10. a3 Be7 11. Ne2 O-O 12. Ng3 g6 13. b4 Re8 14. Bb2 Qc7 15.
c4 Nf8 16. c5 Rad8 17. Qb3 Ne6 18. Rad1 Rxd1 19. Rxd1 Rd8 20. Rxd8+ Bxd8 21.
Be2 Qe7 22. Qd3 Bc7 23. Bc1 Qd7 24. Qxd7 Nxd7 25. Bg4 Ndf8 26. Bxe6 Nxe6 27.
Be3 f6 28. Ne2 Kf7 29. g4 a5 30. Bd2 axb4 31. axb4 Nf4 32. Bxf4 exf4 33. Nc1
Ke6 34. Nd3 f5 35. exf5+ gxf5 36. f3 fxg4 37. fxg4 Kd5 38. Kf2 Kc4 39. Ke2 f3+
40. Ke3 Bh2 41. Ne1 Bg1+ 42. Kxf3 Kxb4 43. Nd3+ Kc4 44. Ke4 Bxc5 45. Nxc5 Kxc5
46. g5 b5 47. h4 b4 48. h5 b3 49. Kd3 Kb4 50. Kd2 Ka3 51. g6 b2 52. gxh7
1/2-1/2

[Event "SR 4. liga A21 2011/2012"]
[Site "?"]
[Date "2012.02.12"]
[Round "9.2"]
[White "Baumgartner, Milan"]
[Black "Nemeckay, Dominik"]
[Result "0-1"]
[WhiteElo "1592"]
[BlackElo "1372"]
[PlyCount "38"]
[EventDate "2011.??.??"]

1. c4 e5 2. Nc3 Nf6 3. e4 Bc5 4. h3 d6 5. Nf3 Nc6 6. d3 Be6 7. Bg5 O-O 8. Be2
Qe7 9. O-O Nd4 10. Nxd4 Bxd4 11. Kh2 Ng4+ 12. Bxg4 Qxg5 13. Bxe6 fxe6 14. Qc2
Rf6 15. Rae1 Raf8 16. Nd1 Rg6 17. g3 Bxf2 18. Nxf2 Qxg3+ 19. Kh1 Qg2# 0-1

[Event "SR 4. liga A21 2011/2012"]
[Site "?"]
[Date "2012.02.12"]
[Round "9.2"]
[White "Hrubsa, Marian"]
[Black "Gasa, Patrik"]
[Result "0-1"]
[WhiteElo "1929"]
[BlackElo "1727"]
[PlyCount "92"]
[EventDate "2011.??.??"]

1. e4 c5 2. Nf3 a6 3. c3 Nf6 4. e5 Nd5 5. d4 cxd4 6. cxd4 Nc6 7. Nc3 Nxc3 8.
bxc3 d6 9. e6 fxe6 10. Ng5 Qa5 11. Bd2 Qf5 12. Be3 g6 13. Bd3 Qf6 14. Qc2 Kd8
15. Ne4 Qf7 16. Qb3 Bg7 17. O-O Ke8 18. Qc2 Kf8 19. Ng5 Qf6 20. f4 d5 21. Rf3
b5 22. a3 Bd7 23. Raf1 Kg8 24. Rh3 Rc8 25. Qd2 Na5 26. Nf3 Rc7 27. Ne5 Bc8 28.
g4 Nc4 29. Nxc4 dxc4 30. Bc2 Rd7 31. f5 exf5 32. gxf5 Rd8 33. fxg6 Qxf1+ 34.
Kxf1 Bxh3+ 35. Kg1 hxg6 36. Bxg6 e5 37. Qf2 Rf8 38. Qe2 Rf1+ 39. Qxf1 Bxf1 40.
Kxf1 exd4 41. cxd4 Rxh2 42. d5 Be5 43. Bc5 c3 44. Be4 c2 45. Be3 Bb2 46. Kg1
Re2 0-1

[Event "SR 4. liga A21 2011/2012"]
[Site "?"]
[Date "2012.02.12"]
[Round "9.2"]
[White "Nemeckay, Rastislav"]
[Black "Vepy, Ivan"]
[Result "1-0"]
[WhiteElo "1808"]
[BlackElo "1948"]
[PlyCount "111"]
[EventDate "2011.??.??"]

1. e4 e5 2. Nf3 Nc6 3. Bb5 a6 4. Ba4 Nf6 5. O-O Be7 6. Re1 b5 7. Bb3 O-O 8. c3
d6 9. h3 Be6 10. Bc2 h6 11. d4 exd4 12. cxd4 Nb4 13. Bb3 c5 14. d5 c4 15. dxe6
cxb3 16. exf7+ Rxf7 17. Qxb3 Nc6 18. Nc3 Qf8 19. Nd5 Kh8 20. Nf4 Kh7 21. Qc2
Ne5 22. Nxe5 dxe5 23. Nd5 Rc8 24. Nxf6+ Rxf6 25. Qe2 Qf7 26. Be3 Rf8 27. b3 Rg6
28. Rf1 Qf6 29. Qh5 Qe6 30. Kh1 Qc6 31. Qxe5 Bf6 32. Qc5 Bxa1 33. Qxf8 Qxe4 34.
Qf3 Qe5 35. Qd1 Bb2 36. Qd3 Ba3 37. f4 Qd6 38. Qe4 Qc6 39. Qxc6 Rxc6 40. Rf2
Re6 41. Bd4 Re1+ 42. Kh2 Bd6 43. g3 Rd1 44. Bc3 Rd3 45. Ba5 g5 46. Rd2 Rxd2+
47. Bxd2 gxf4 48. Bxf4 Bb4 49. Kg2 Kg6 50. Kf3 h5 51. Ke4 Be1 52. g4 hxg4 53.
hxg4 Kf6 54. Kd5 Bc3 55. Kc5 Ke6 56. Kb6 1-0

[Event "SR 4. liga A21 2011/2012"]
[Site "?"]
[Date "2012.02.12"]
[Round "9.2"]
[White "Ocko, Martin"]
[Black "Kubik, Peter"]
[Result "1-0"]
[WhiteElo "1524"]
[BlackElo "1668"]
[PlyCount "77"]
[EventDate "2011.??.??"]

1. d4 d5 2. c4 Nf6 3. Nc3 e6 4. Nf3 Nbd7 5. Bg5 Be7 6. e3 b6 7. Qb3 Bb7 8. Be2
O-O 9. O-O dxc4 10. Qxc4 c5 11. Rfd1 Rc8 12. Qa4 Bc6 13. Bb5 Bxb5 14. Qxb5 cxd4
15. Rxd4 Rc5 16. Qa4 Ra5 17. Qd1 h6 18. Bxf6 Bxf6 19. Rxd7 Qb8 20. Qd6 Qxd6 21.
Rxd6 b5 22. Rb1 Rc8 23. Nd4 b4 24. Ne4 Be5 25. Nc6 Bxd6 26. Nxa5 Be5 27. f4 Bc7
28. Nc6 Kf8 29. Nxa7 Ra8 30. Nb5 Bb6 31. Kf2 Rxa2 32. Kf3 Ke7 33. g4 g6 34.
Nbd6 Bc7 35. Nb5 Bb6 36. Ned6 Ra8 37. Rc1 f5 38. gxf5 exf5 39. Nc8+ 1-0

[Event "SR 4. liga A21 2011/2012"]
[Site "?"]
[Date "2012.02.12"]
[Round "9.2"]
[White "Pipiska, Adam"]
[Black "Pekar, Pavol"]
[Result "1-0"]
[WhiteElo "1299"]
[BlackElo "1000"]
[PlyCount "31"]
[EventDate "2011.??.??"]

1. e4 e5 2. Nf3 Nc6 3. Bc4 Bc5 4. c3 Nf6 5. d4 exd4 6. cxd4 Bb4+ 7. Nc3 Nxe4 8.
O-O Nxc3 9. bxc3 Bxc3 10. Qb3 Bxa1 11. Bxf7+ Kf8 12. Bg5 Ne7 13. Re1 d5 14.
Bxd5 c6 15. Qa3 Qxd5 16. Qxe7+ 1-0

[Event "SR 4. liga A21 2011/2012"]
[Site "?"]
[Date "2012.02.12"]
[Round "9.3"]
[White "Beran, Jan ml"]
[Black "Jablonicky, Martin"]
[Result "1/2-1/2"]
[WhiteElo "1881"]
[BlackElo "1757"]
[PlyCount "153"]
[EventDate "2011.??.??"]

1. e4 c5 2. Nf3 d6 3. d4 cxd4 4. Nxd4 Nf6 5. f3 g6 6. Be3 Bg7 7. Qd2 O-O 8. Nc3
Nc6 9. O-O-O Bd7 10. g4 Ne5 11. h4 Qa5 12. Kb1 Rfc8 13. Nd5 Qxd2 14. Rxd2 Nxd5
15. exd5 Nc4 16. Bxc4 Rxc4 17. Ne2 a5 18. b3 Rc7 19. h5 f5 20. g5 a4 21. h6 Bc3
22. Nxc3 Rxc3 23. Re1 Kf7 24. f4 Ra5 25. Kb2 Rc8 26. b4 a3+ 27. Kb3 Raa8 28. c4
Ba4+ 29. Kc3 Bb5 30. c5 dxc5 31. bxc5 Ra4 32. Kb3 Re4 33. Rd4 Rxd4 34. Bxd4 Rd8
35. Re5 Bf1 36. c6 bxc6 37. Bc5 Rb8+ 38. Kxa3 Ra8+ 39. Kb2 Rb8+ 40. Kc3 Rb7 41.
dxc6 Rc7 42. Kb4 e6 43. Re1 Bg2 44. Kb5 Bxc6+ 45. Kb6 Rc8 46. Rd1 Bd5 47. a4
Rb8+ 48. Kc7 Rb7+ 49. Kc8 Rb2 50. Rc1 Ra2 51. Bd6 Rxa4 52. Rc7+ Kg8 53. Re7
Ra8+ 54. Kd7 Ra7+ 55. Bc7 Bc4 56. Kc8 Bd5 57. Rg7+ Kh8 58. Kd7 Rb7 59. Kd6 Ra7
60. Ke5 Bc4 61. Kf6 Rb7 62. Rd7 e5 63. Rd8+ Bg8 64. Bxe5 Ra7 65. Bd6 Rf7+ 66.
Ke5 Re7+ 67. Kd4 Re4+ 68. Kc5 Rc4+ 69. Kb6 Rc6+ 70. Kb7 Rb6+ 71. Kc7 Rc6+ 72.
Kb8 Rb6+ 73. Ka7 Ra6+ 74. Kb7 Rb6+ 75. Kc7 Rc6+ 76. Kd7 Rxd6+ 77. Kxd6 1/2-1/2

[Event "SR 4. liga A21 2011/2012"]
[Site "?"]
[Date "2012.02.12"]
[Round "9.3"]
[White "Gajarsky, Jakub"]
[Black "Tokos, Rastislav"]
[Result "0-1"]
[WhiteElo "1580"]
[BlackElo "1883"]
[PlyCount "86"]
[EventDate "2011.??.??"]

1. d4 Nf6 2. c4 e6 3. Nf3 c5 4. d5 b5 5. b3 Bb7 6. dxe6 fxe6 7. e3 bxc4 8. bxc4
Be7 9. Nbd2 Qa5 10. Bd3 Qc3 11. Rb1 Bc6 12. Qc2 Qxc2 13. Bxc2 Na6 14. a3 d6 15.
O-O h6 16. Bg6+ Kd7 17. Nb3 Rab8 18. Bd2 Be4 19. Bxe4 Nxe4 20. Ba5 Bd8 21. Bxd8
Rhxd8 22. Nbd2 Nc3 23. Rbe1 Rb2 24. e4 Kc6 25. Re3 Na4 26. Rd1 Nc7 27. Ne1 Nb6
28. f4 Rxd2 29. Rxd2 Nxc4 30. Rdd3 Nxe3 31. Rxe3 d5 32. exd5+ exd5 33. g4 Re8
34. Kf2 Rxe3 35. Kxe3 Nb5 36. Nc2 Nd6 37. h4 d4+ 38. Kd2 Kd5 39. Ne1 c4 40. h5
Ke4 41. g5 Kxf4 42. gxh6 gxh6 43. Nc2 Ne4+ 0-1

[Event "SR 4. liga A21 2011/2012"]
[Site "?"]
[Date "2012.02.12"]
[Round "9.3"]
[White "Huska, Branislav"]
[Black "Bango, Lukas"]
[Result "1-0"]
[WhiteElo "1548"]
[BlackElo "1364"]
[PlyCount "87"]
[EventDate "2011.??.??"]

1. e4 e6 2. d4 d5 3. Nc3 Nf6 4. Bg5 Be7 5. e5 Nfd7 6. Bxe7 Qxe7 7. f4 c5 8. Nb5
O-O 9. Nc7 cxd4 10. a3 f6 11. Nxa8 fxe5 12. Qe2 Rxf4 13. O-O-O b6 14. Nf3 Ba6
15. Qd2 d3 16. Bxd3 Bxd3 17. cxd3 Nc5 18. Kb1 Nc6 19. Nxe5 Qf6 20. Nxc6 Rf2 21.
Qc3 Na4 22. Qxf6 gxf6 23. Nxa7 Rxb2+ 24. Ka1 Rb3 25. Rd2 Nc3 26. Ra2 Nxa2 27.
Kxa2 Rxd3 28. g4 Rd2+ 29. Kb3 Rd3+ 30. Kb4 Rd4+ 31. Kb5 Rxg4 32. Nxb6 f5 33.
Nc6 Rg2 34. a4 f4 35. Rf1 Rxh2 36. Rxf4 h5 37. a5 h4 38. a6 h3 39. a7 Rb2+ 40.
Nb4 h2 41. a8=Q+ Kg7 42. Qf8+ Kg6 43. Qg8+ Kh5 44. Qg4+ 1-0

[Event "SR 4. liga A21 2011/2012"]
[Site "?"]
[Date "2012.02.12"]
[Round "9.3"]
[White "Lanik, Miroslav"]
[Black "Kavon, Rastislav"]
[Result "1-0"]
[WhiteElo "1936"]
[BlackElo "1879"]
[PlyCount "49"]
[EventDate "2011.??.??"]

1. e4 c5 2. Nf3 Nc6 3. d4 cxd4 4. Nxd4 Nf6 5. Nc3 e5 6. Ndb5 d6 7. Bg5 a6 8.
Na3 b5 9. Bxf6 gxf6 10. Nd5 f5 11. c3 Bg7 12. exf5 Bxf5 13. Nc2 O-O 14. Nce3
Be6 15. Bd3 f5 16. O-O e4 17. Nf4 Bf7 18. Bc2 Be5 19. g3 Bxf4 20. gxf4 Ne7 21.
Bb3 d5 22. Kh1 Kh8 23. Qd4+ Kg8 24. Rg1+ Ng6 25. Nxf5 1-0

[Event "SR 4. liga A21 2011/2012"]
[Site "?"]
[Date "2012.02.12"]
[Round "9.3"]
[White "Mackovic, Matus"]
[Black "Palka, Martin"]
[Result "1/2-1/2"]
[WhiteElo "1873"]
[BlackElo "1876"]
[PlyCount "86"]
[EventDate "2011.??.??"]

1. e4 c5 2. Nf3 d6 3. d4 cxd4 4. Nxd4 Nf6 5. Nc3 a6 6. Be3 e6 7. Be2 Qc7 8. O-O
Be7 9. f4 O-O 10. Bf3 Re8 11. g4 Nc6 12. f5 Nxd4 13. Bxd4 Nd7 14. Qd2 Ne5 15.
Qf2 Bd7 16. Be2 Bf8 17. f6 Bc6 18. g5 d5 19. exd5 exd5 20. Rae1 Qd7 21. Bh5 Ng6
22. fxg7 Bxg7 23. Bxg7 Kxg7 24. Qd4+ Kg8 25. Bg4 Qc7 26. Rxe8+ Rxe8 27. Nxd5
Bxd5 28. Qxd5 Re5 29. Qd2 Qc5+ 30. Kh1 Rxg5 31. Bf3 Rf5 32. Bg2 Rxf1+ 33. Bxf1
Qc6+ 34. Bg2 Qf6 35. c3 b6 36. Qe2 a5 37. Be4 Kg7 38. Bxg6 hxg6 39. Kg2 Qd6 40.
Kf3 f5 41. h4 Kf6 42. Qc4 Qd1+ 43. Kg3 Qe1+ 1/2-1/2

[Event "SR 4. liga A21 2011/2012"]
[Site "?"]
[Date "2012.02.12"]
[Round "9.4"]
[White "Bollo, Lubomir"]
[Black "Harasta, Marian"]
[Result "1/2-1/2"]
[WhiteElo "1508"]
[BlackElo "1639"]
[PlyCount "80"]
[EventDate "2011.??.??"]

1. d4 d5 2. c4 c6 3. cxd5 cxd5 4. Nc3 Nf6 5. h3 Nc6 6. Nf3 g6 7. Bf4 Bg7 8. e3
O-O 9. Bd3 Re8 10. O-O Nb4 11. Bb5 Bd7 12. Bxd7 Qxd7 13. a3 Nc6 14. Rc1 a6 15.
Na4 Qd8 16. Qb3 Na5 17. Qb4 Nc4 18. Qxb7 Nd6 19. Bxd6 Qxd6 20. Qb3 Nd7 21. Nc3
e6 22. Qd1 Nb6 23. a4 Rab8 24. b3 Nd7 25. Rb1 Rec8 26. Qd3 Qa3 27. Ne2 Rb6 28.
Rfc1 Rxc1+ 29. Nxc1 Rc6 30. Qf1 Nf6 31. Ne5 Rc2 32. Qd1 Rc8 33. Ncd3 Ne4 34.
Ra1 Qd6 35. Rc1 Rc7 36. f3 Nc3 37. Qd2 Bxe5 38. dxe5 Qc6 39. Kh1 Kg7 40. Qf2
Qb6 1/2-1/2

[Event "SR 4. liga A21 2011/2012"]
[Site "?"]
[Date "2012.02.12"]
[Round "9.4"]
[White "Brisudova, Veronika"]
[Black "Kovarik, Oto"]
[Result "1-0"]
[WhiteElo "1864"]
[BlackElo "2018"]
[PlyCount "69"]
[EventDate "2011.??.??"]

1. e4 c5 2. Nf3 e6 3. d4 cxd4 4. Nxd4 a6 5. Be2 Nf6 6. f3 Bc5 7. Nb3 Ba7 8. Bg5
Qb6 9. Rf1 Qc7 10. g3 Qe5 11. Bxf6 Qxf6 12. Nc3 O-O 13. Qd2 b5 14. a3 Nc6 15.
f4 Rd8 16. e5 Qe7 17. Ne4 Bb8 18. O-O-O Bc7 19. Nd6 Bb6 20. Bh5 g6 21. Bf3 Rb8
22. h4 f6 23. h5 fxe5 24. hxg6 hxg6 25. Qd3 Qg7 26. Bxc6 dxc6 27. fxe5 Bc7 28.
Rf6 Rxd6 29. exd6 Qxf6 30. dxc7 Ra8 31. Qd8+ Kf7 32. Rh1 e5 33. Rh7+ Ke6 34.
Nc5+ Kf5 35. g4+ 1-0

[Event "SR 4. liga A21 2011/2012"]
[Site "?"]
[Date "2012.02.12"]
[Round "9.4"]
[White "Cerovsky, Marian"]
[Black "Berger, Patrik"]
[Result "0-1"]
[WhiteElo "1733"]
[BlackElo "1731"]
[PlyCount "86"]
[EventDate "2011.??.??"]

1. e4 c5 2. Nc3 Nc6 3. Nf3 d6 4. h3 Nf6 5. Bc4 e6 6. a3 Be7 7. d3 d5 8. exd5
exd5 9. Ba2 O-O 10. O-O Be6 11. Ne2 Qc7 12. Nf4 Bd6 13. Nxe6 fxe6 14. Bg5 Ne5
15. Nxe5 Bxe5 16. c3 Bf4 17. Bxf6 Rxf6 18. Qc2 Qd6 19. Rae1 Raf8 20. d4 Bh2+
21. Kh1 Bg3 22. Re2 c4 23. Kg1 Bh2+ 24. Kh1 Bg3 25. Kg1 Qf4 26. Bb1 g6 27. Qd2
Qh4 28. Bc2 Bf4 29. Qe1 Bg3 30. Bd1 g5 31. Rc2 h5 32. Qe2 g4 33. fxg3 Rxf1+ 34.
Kh2 Qf6 35. h4 Qf5 36. Rd2 Qe4 37. Qxe4 dxe4 38. Ba4 Re1 39. Rd1 Rxd1 40. Bxd1
e3 41. Be2 Rf2 42. Bxc4 e2 43. Bxe6+ Kg7 0-1

[Event "SR 4. liga A21 2011/2012"]
[Site "?"]
[Date "2012.02.12"]
[Round "9.4"]
[White "Drabek, Martin"]
[Black "Ralbovsky, Milan"]
[Result "1-0"]
[WhiteElo "1480"]
[BlackElo "1000"]
[PlyCount "77"]
[EventDate "2011.??.??"]

1. Nf3 d5 2. b3 c5 3. e3 Nc6 4. Bb2 e6 5. Be2 Nf6 6. O-O Be7 7. d4 O-O 8. c4
dxc4 9. Bxc4 cxd4 10. exd4 Nd5 11. Ne5 Qc7 12. Re1 a6 13. Nc3 Rd8 14. Nxd5 exd5
15. Bd3 Be6 16. Rc1 Qb6 17. Qh5 h6 18. Ng6 Bf6 19. Rxe6 fxe6 20. Nf4 Nb4 21.
Bb1 Bxd4 22. Bxd4 Qxd4 23. Nxe6 Qb2 24. Rd1 Rdc8 25. Qg6 Rc1 26. Qh7+ Kf7 27.
Qg6+ Kg8 28. Rf1 Rxf1+ 29. Kxf1 Rc8 30. Qh7+ Kf7 31. Qf5+ Kg8 32. Qh7+ Kf7 33.
Qf5+ Qf6 34. Ng5+ Ke7 35. Qxc8 Qd4 36. Qe6+ Kd8 37. Nf7+ Kc7 38. Qd6+ Kc8 39.
Qd8# 1-0

[Event "SR 4. liga A21 2011/2012"]
[Site "?"]
[Date "2012.02.12"]
[Round "9.4"]
[White "Jarabek, Milan"]
[Black "Blanarik, Dominik"]
[Result "1-0"]
[WhiteElo "1552"]
[BlackElo "1552"]
[PlyCount "53"]
[EventDate "2011.??.??"]

1. e4 d6 2. d4 g6 3. Nf3 Bg7 4. Bd3 Bg4 5. Be3 Nc6 6. c3 Nf6 7. Nbd2 O-O 8. Qc2
e6 9. h3 Bxf3 10. Nxf3 Nd7 11. O-O-O a6 12. h4 e5 13. d5 Ne7 14. h5 Nc5 15.
hxg6 fxg6 16. Bh6 b5 17. Bxg7 Kxg7 18. Rh2 Ng8 19. Rdh1 h6 20. Qd2 h5 21. Qe3
Nh6 22. Qd2 Ng4 23. Rxh5 gxh5 24. Rxh5 Nxf2 25. Qh6+ Kf7 26. Nxe5+ dxe5 27.
Qh7+ 1-0

[Event "SR 4. liga A21 2011/2012"]
[Site "?"]
[Date "2012.02.14"]
[Round "9.5"]
[White "Gavlas, Jakub"]
[Black "Nedorost, Lubomir"]
[Result "1-0"]
[WhiteElo "1464"]
[BlackElo "1667"]
[PlyCount "71"]
[EventDate "2011.??.??"]

1. e4 c5 2. Nf3 Nc6 3. d4 cxd4 4. Nxd4 d6 5. Bb5 Bd7 6. Bxc6 bxc6 7. O-O g6 8.
b3 Bg7 9. Bb2 c5 10. Nc6 Bxb2 11. Nxd8 Bxa1 12. Nxf7 Bc6 13. Nxh8 Bxh8 14. Qd3
Nf6 15. Nd2 a6 16. Re1 Ng4 17. Nf3 Bg7 18. h3 Ne5 19. Nxe5 Bxe5 20. c3 Bb5 21.
Qd5 Rd8 22. c4 Kd7 23. cxb5 axb5 24. Qb7+ Ke6 25. Qxb5 Rf8 26. Re2 Bd4 27. a4
h5 28. Qc4+ Ke5 29. Qd5+ Kf4 30. Qe6 Rf6 31. Qxe7 g5 32. a5 g4 33. h4 g3 34.
Kf1 Kg4 35. Qg7+ Kxh4 36. Qxg3# 1-0

[Event "SR 4. liga A21 2011/2012"]
[Site "?"]
[Date "2012.02.14"]
[Round "9.5"]
[White "Gubis, Vladimir"]
[Black "Skapik, Branislav"]
[Result "1/2-1/2"]
[WhiteElo "1837"]
[BlackElo "1848"]
[PlyCount "68"]
[EventDate "2011.??.??"]

1. d4 f5 2. Nf3 Nf6 3. g3 g6 4. Bg2 Bg7 5. O-O O-O 6. b3 d6 7. Bb2 Ne4 8. Nbd2
c5 9. c3 Nc6 10. Qc2 cxd4 11. cxd4 d5 12. a3 Bd7 13. Ne5 Nxe5 14. dxe5 Rc8 15.
Qd3 e6 16. Rad1 Nc5 17. Qd4 Bb5 18. Rfe1 Nd7 19. Bxd5 Bxe5 20. Bxe6+ Kg7 21.
Qxe5+ Nxe5 22. Bxe5+ Kh6 23. Nc4 Qe7 24. Bxc8 Rxc8 25. Nd6 Rc5 26. f4 Kh5 27.
e4 Rxe5 28. fxe5 Qxe5 29. Nxb7 fxe4 30. Nd6 Bc6 31. Nc4 Qc3 32. Re3 Qc2 33. Rd2
Qc1+ 34. Kg2 g5 1/2-1/2

[Event "SR 4. liga A21 2011/2012"]
[Site "?"]
[Date "2012.02.14"]
[Round "9.5"]
[White "Hanzluvka, Peter"]
[Black "Orvisky, Vladimir"]
[Result "1-0"]
[WhiteElo "1987"]
[BlackElo "1838"]
[PlyCount "69"]
[EventDate "2011.??.??"]

1. Nf3 d5 2. g3 Nf6 3. b3 Bf5 4. Bb2 Nbd7 5. Bg2 c6 6. d3 Qc7 7. Nbd2 e5 8. O-O
Bd6 9. Re1 O-O 10. a4 h6 11. Ra2 Rfe8 12. e4 dxe4 13. dxe4 Be6 14. Qe2 Bc5 15.
h3 a6 16. Raa1 Qb6 17. a5 Qc7 18. Nc4 Bxc4 19. Qxc4 Ba7 20. b4 b5 21. Qb3 c5
22. c3 Rac8 23. Rac1 c4 24. Qc2 Re6 25. Rcd1 Nh5 26. Kh2 Nhf6 27. Re2 Rd8 28.
Bc1 Bb8 29. Nh4 Ne8 30. Be3 Nd6 31. Red2 Ne8 32. Bb6 Rxb6 33. axb6 Qc6 34. Nf5
Nef6 35. Ne7+ 1-0

[Event "SR 4. liga A21 2011/2012"]
[Site "?"]
[Date "2012.02.14"]
[Round "9.5"]
[White "Nemsak, Denis"]
[Black "Pericka, Tomas"]
[Result "0-1"]
[WhiteElo "1916"]
[BlackElo "2008"]
[PlyCount "74"]
[EventDate "2011.??.??"]

1. c4 c5 2. Nc3 Nc6 3. g3 g6 4. Bg2 Bg7 5. d3 d6 6. e4 Nf6 7. Nge2 Bd7 8. O-O
Qc8 9. Nf4 Nd4 10. Bd2 Ng4 11. h3 Ne5 12. Kh2 h5 13. Ncd5 Bg4 14. f3 g5 15.
fxg4 gxf4 16. gxf4 Nxd3 17. Bc3 e6 18. Qxd3 exd5 19. cxd5 hxg4 20. Bxd4 Bxd4
21. Rae1 gxh3 22. Bxh3 Qg4 23. e5 O-O-O 24. Rg1 Rxh3+ 25. Qxh3 Qxh3+ 26. Kxh3
dxe5 27. Rg7 f6 28. fxe5 Bxe5 29. b3 Rxd5 30. Re2 Rd7 31. Rg8+ Kc7 32. Kg4 b5
33. Kf5 Bd4 34. Rg4 Kc6 35. Re6+ Rd6 36. Re8 Rd5+ 37. Ke4 f5+ 0-1

[Event "SR 4. liga A21 2011/2012"]
[Site "?"]
[Date "2012.02.26"]
[Round "10.1"]
[White "Holan, Jaroslav"]
[Black "Kupkovic, Miroslav"]
[Result "0-1"]
[WhiteElo "1463"]
[BlackElo "1836"]
[PlyCount "52"]
[EventDate "2011.??.??"]

1. e4 c5 2. Nf3 Nc6 3. c3 e6 4. d4 cxd4 5. cxd4 Qa5+ 6. Bd2 Qb6 7. Bc3 Nf6 8.
Bd3 Nb4 9. O-O Nxd3 10. Qxd3 Bb4 11. Nbd2 Bxc3 12. bxc3 O-O 13. Nc4 Qc7 14. e5
Ne8 15. Ng5 f5 16. f4 h6 17. Nd2 hxg5 18. fxg5 Kf7 19. Qg3 Rh8 20. g6+ Kf8 21.
Qg5 Qxc3 22. Rxf5+ exf5 23. Qxf5+ Nf6 24. Rf1 Qxd4+ 25. Kh1 d6 26. Qg5 Qxe5 0-1

[Event "SR 4. liga A21 2011/2012"]
[Site "?"]
[Date "2012.02.26"]
[Round "10.1"]
[White "Piestansky, Jan"]
[Black "Varga, Adam"]
[Result "1-0"]
[WhiteElo "1593"]
[BlackElo "1000"]
[PlyCount "137"]
[EventDate "2011.??.??"]

1. e4 e6 2. d4 d5 3. exd5 exd5 4. h3 Nf6 5. Bd3 Nc6 6. c3 h6 7. Nf3 Bd6 8. Be3
Be6 9. Nbd2 Ne7 10. O-O Bf5 11. Qc2 Bxd3 12. Qxd3 O-O 13. b3 Re8 14. Rfe1 Ng6
15. Nf1 Bf4 16. g3 Bxe3 17. Nxe3 Qd7 18. Kg2 Nh5 19. Qf5 Qxf5 20. Nxf5 Nf6 21.
Nd2 Rad8 22. Re3 Rxe3 23. Nxe3 Re8 24. Rc1 c6 25. Kf1 Ne4 26. Nxe4 Rxe4 27. Re1
f6 28. Nf5 Rxe1+ 29. Kxe1 Kf8 30. Nd6 b6 31. Nc8 Ke8 32. Nxa7 Kd7 33. b4 Kc7
34. b5 cxb5 35. Nxb5+ Kc6 36. a4 Ne7 37. Kd2 Kb7 38. Nd6+ Ka6 39. Ne8 Ka5 40.
Nxg7 Kxa4 41. Nh5 Ng8 42. Nf4 Ne7 43. g4 b5 44. h4 b4 45. cxb4 Kxb4 46. Kd3 Kb5
47. Kc3 Kc6 48. Nh5 Ng8 49. Kb4 Kb6 50. f4 Kc6 51. Ka5 Kd6 52. Kb6 Ke6 53. Kc5
f5 54. g5 hxg5 55. hxg5 Ne7 56. Nf6 Ng6 57. Nxd5 Kf7 58. Kd6 Nh4 59. Ke5 Kg6
60. Ne7+ Kf7 61. Nxf5 Ng6+ 62. Ke4 Ke6 63. d5+ Kd7 64. Ne3 Kd6 65. f5 Ne7 66.
g6 Ng8 67. Ng4 Ke7 68. Ke5 Kd7 69. f6 1-0

[Event "SR 4. liga A21 2011/2012"]
[Site "?"]
[Date "2012.02.26"]
[Round "10.1"]
[White "Podjavorinsky, Michal"]
[Black "Pripko, Bystrik"]
[Result "0-1"]
[WhiteElo "1000"]
[BlackElo "1655"]
[PlyCount "78"]
[EventDate "2011.??.??"]

1. e4 e5 2. Nf3 Nc6 3. d4 exd4 4. Nxd4 Nxd4 5. Qxd4 d6 6. Nc3 Bd7 7. Be3 Bc6 8.
Bc4 Nf6 9. f3 Be7 10. O-O-O O-O 11. Nd5 Nxd5 12. exd5 Bf6 13. Qg4 Bd7 14. Qg3
Qe8 15. Bg5 Qe5 16. Bxf6 Qxf6 17. h4 h6 18. Kb1 b5 19. Bd3 b4 20. f4 a5 21. Qf3
a4 22. Qe4 g6 23. Qxb4 Rfb8 24. Qa3 Qxf4 25. Qc3 Rb7 26. Rhf1 Qxh4 27. Rd2 Rab8
28. b3 axb3 29. cxb3 Qb4 30. Qf6 Bf5 31. Rdf2 Bxd3+ 32. Kb2 Bf5 33. Rxf5 Qd2+
34. Ka1 gxf5 35. Qxf5 Qd4+ 36. Kb1 Rxb3+ 37. axb3 Rxb3+ 38. Kc1 Qc3+ 39. Kd1
Qd3+ 0-1

[Event "SR 4. liga A21 2011/2012"]
[Site "?"]
[Date "2012.02.26"]
[Round "10.1"]
[White "Slaby, Jozef"]
[Black "Madzo, Anton"]
[Result "1-0"]
[WhiteElo "1856"]
[BlackElo "1526"]
[PlyCount "49"]
[EventDate "2011.??.??"]

1. d4 d5 2. c4 Nf6 3. Nf3 e6 4. Nc3 Nc6 5. h3 Be7 6. Bf4 a6 7. c5 O-O 8. e3 Re8
9. a3 Nd7 10. Bd3 f5 11. g4 Nf6 12. Rg1 Ne4 13. Qc2 Ng5 14. Bxg5 Bxg5 15. gxf5
Bxe3 16. fxe3 exf5 17. Kd2 Rf8 18. Qb3 Ne7 19. Rae1 c6 20. h4 Rf7 21. Ne2 Ng6
22. h5 Ne7 23. Nf4 h6 24. Rg3 Kf8 25. Reg1 1-0

[Event "SR 4. liga A21 2011/2012"]
[Site "?"]
[Date "2012.02.26"]
[Round "10.1"]
[White "Vagovic, Milan"]
[Black "Tomasovic, Martin"]
[Result "1-0"]
[WhiteElo "1697"]
[BlackElo "1490"]
[PlyCount "37"]
[EventDate "2011.??.??"]

1. d4 e6 2. c4 d5 3. Nc3 Nf6 4. Nf3 Bb4 5. a3 Bxc3+ 6. bxc3 Nc6 7. a4 a5 8. Ba3
Ne7 9. e3 O-O 10. Bd3 h6 11. Ne5 Re8 12. Qf3 dxc4 13. Bxc4 Ned5 14. Rc1 c6 15.
h4 Qc7 16. g4 Rb8 17. g5 hxg5 18. hxg5 b5 19. Qh3 1-0

[Event "SR 4. liga A21 2011/2012"]
[Site "?"]
[Date "2012.02.26"]
[Round "10.2"]
[White "Brath, Zdeno"]
[Black "Bartos, Bohumil"]
[Result "1/2-1/2"]
[WhiteElo "1450"]
[BlackElo "1557"]
[PlyCount "33"]
[EventDate "2011.??.??"]

1. b4 e5 2. Bb2 d6 3. e3 Nf6 4. a3 Be7 5. Bc4 O-O 6. d3 Nbd7 7. Nd2 Nb6 8. Bb3
Be6 9. c4 Rc8 10. d4 exd4 11. exd4 Re8 12. Qf3 Bf8 13. Kf1 c6 14. Nh3 Bg4 15.
Qg3 Re2 16. Bc3 Qe7 17. Nf4 1/2-1/2

[Event "SR 4. liga A21 2011/2012"]
[Site "?"]
[Date "2012.02.26"]
[Round "10.2"]
[White "Hanzluvka, Peter"]
[Black "Hudacek, Josef"]
[Result "0-1"]
[WhiteElo "1987"]
[BlackElo "2046"]
[PlyCount "86"]
[EventDate "2011.??.??"]

1. e4 c5 2. Nf3 d6 3. d4 cxd4 4. Nxd4 Nf6 5. Nc3 a6 6. Bg5 e6 7. f4 Be7 8. Qf3
Nbd7 9. O-O-O Qc7 10. Bd3 b5 11. Rhe1 Bb7 12. Kb1 Rc8 13. Qh3 h6 14. e5 dxe5
15. fxe5 Nd5 16. Ncxb5 axb5 17. Nxb5 Qb6 18. Bxe7 Kxe7 19. Qh4+ g5 20. Qd4 Qxd4
21. Nxd4 Nf4 22. Bb5 Nc5 23. g3 Nd5 24. a3 Rhd8 25. c4 Nb6 26. b3 Ne4 27. Kb2
f5 28. a4 Nd7 29. a5 Nxe5 30. a6 Ba8 31. Ka3 Nd7 32. Kb4 Ndc5 33. Ka5 Rxd4 34.
Rxd4 Nxb3+ 35. Kb6 Nxd4 36. Rd1 e5 37. Ka7 Nc3 38. Re1 Kf6 39. Bd7 Rd8 40. Rc1
Nce2 41. Rb1 Be4 42. Rb6+ Ke7 43. Rxh6 Rxd7+ 0-1